[Event "I Festival A"]
[Site "Verona ITA"]
[Date "1995.01.??"]
[Round "1"]
[White "Sulava, Nenad"]
[Black "Agnelli, Francesco"]
[Result "1/2-1/2"]
[WhiteElo "2420"]
[BlackElo "2012"]
[PlyCount "76"]
[EventDate "1995.01.02"]

1. d4 Nf6 2. c4 g6 3. Nc3 Bg7 4. e4 d6 5. Nf3 O-O 6. Be2 e5 7. O-O Nc6 8. d5
Ne7 9. Ne1 Ne8 10. Be3 f5 11. f3 Rf7 12. c5 Bf8 13. cxd6 cxd6 14. a4 f4 15. Bf2
g5 16. a5 h5 17. Kh1 Rg7 18. Nb5 a6 19. Bb6 Qd7 20. Na7 Ng6 21. Rc1 Nf6 22. Rf2
g4 23. Bf1 Qe8 24. Nxc8 Rxc8 25. Rxc8 Qxc8 26. Rc2 Qe8 27. Qc1 h4 28. Rc8 Qf7
29. fxg4 Nxg4 30. Nf3 Ne7 31. Rd8 Qh5 32. Rxd6 h3 33. Rd8 Ng6 34. Qc8 Ne3 35.
Bxe3 fxe3 36. g4 Qh6 37. g5 Qh5 38. Ng1 Rf7 1/2-1/2

[Event "I Festival A"]
[Site "Verona ITA"]
[Date "1995.01.??"]
[Round "1"]
[White "Zlochevskij, Alexander"]
[Black "Popa, Florin"]
[Result "1-0"]
[WhiteElo "2485"]
[BlackElo "2060"]
[PlyCount "21"]
[EventDate "1995.01.02"]

1. d4 Nf6 2. Bg5 e6 3. e4 h6 4. Bxf6 Qxf6 5. Nc3 a6 6. Qd2 c5 7. d5 b5 8. Nf3
g6 9. e5 Qe7 10. Ne4 Bg7 11. Nd6+ 1-0

[Event "I Festival A"]
[Site "Verona ITA"]
[Date "1995.01.??"]
[Round "2"]
[White "Agnelli, Francesco"]
[Black "Dai Campi, Danilo"]
[Result "1/2-1/2"]
[WhiteElo "2012"]
[BlackElo "1911"]
[PlyCount "79"]
[EventDate "1995.01.02"]

1. e4 c5 2. Nf3 d6 3. d4 cxd4 4. Nxd4 Nf6 5. Nc3 e6 6. Be3 Be7 7. f3 Nc6 8. Qd2
Qc7 9. g4 a6 10. h4 b5 11. g5 Nd7 12. O-O-O Nde5 13. f4 Nc4 14. Ndxb5 axb5 15.
Nxb5 Rxa2 16. Nxc7+ Kd7 17. Kb1 Rxb2+ 18. Kc1 Nxd2 19. Rxd2 Rb4 20. Nb5 Rxe4
21. Nxd6 Bxd6 22. Bc5 Rxf4 23. Bb5 Bb7 24. Rhd1 Rf5 25. Rxd6+ Kc7 26. Bxc6 Bxc6
27. Bg1 Ra8 28. Bh2 Ra1+ 29. Kb2 Rxd1 30. Rxd1+ Kb7 31. Kc3 Rf3+ 32. Kd4 Rh3
33. Rb1+ Kc8 34. Be5 Rxh4+ 35. Kc5 Bd5 36. c3 f6 37. gxf6 gxf6 38. Bxf6 Rc4+
39. Kd6 Rc6+ 40. Ke7 1/2-1/2

[Event "I Festival A"]
[Site "Verona ITA"]
[Date "1995.01.??"]
[Round "2"]
[White "Bevilacqua, Maurizio"]
[Black "Sulava, Nenad"]
[Result "1-0"]
[WhiteElo "1974"]
[BlackElo "2420"]
[PlyCount "61"]
[EventDate "1995.01.02"]

1. d4 Nf6 2. c4 c5 3. d5 b5 4. Nf3 g6 5. e3 Bg7 6. cxb5 a6 7. Nc3 d6 8. b6 Qxb6
9. Bd3 O-O 10. O-O Bg4 11. h3 Bxf3 12. Qxf3 Nbd7 13. Qe2 Rfb8 14. e4 Ne8 15.
Rb1 Nc7 16. a4 Ne5 17. Bc2 Qb4 18. f4 Nd7 19. Rf3 e6 20. Bd2 Qb7 21. f5 exf5
22. exf5 Re8 23. Qf1 Re5 24. fxg6 fxg6 25. Ne4 Rxe4 26. Bxe4 Re8 27. Bc3 Ne5
28. Bxe5 Rxe5 29. Bd3 Qb4 30. Rf4 Qd2 31. Bc4 1-0

[Event "I Festival A"]
[Site "Verona ITA"]
[Date "1995.01.??"]
[Round "2"]
[White "Cvitan, Ognjen"]
[Black "Coppini, Giorgio"]
[Result "1/2-1/2"]
[WhiteElo "2520"]
[BlackElo "2255"]
[PlyCount "42"]
[EventDate "1995.01.02"]

1. d4 d5 2. c4 c6 3. Nf3 Nf6 4. Nc3 dxc4 5. a4 Bf5 6. Nh4 e6 7. Nxf5 exf5 8. e3
Bd6 9. Bxc4 O-O 10. h3 Nbd7 11. O-O Nb6 12. Bb3 a5 13. Qf3 g6 14. Bd2 Nbd5 15.
g4 Nxc3 16. bxc3 Ne4 17. Be1 Qh4 18. Qg2 Ng5 19. f4 Nxh3+ 20. Kh2 Nf2+ 21. Kg1
Nh3+ 1/2-1/2

[Event "I Festival A"]
[Site "Verona ITA"]
[Date "1995.01.??"]
[Round "2"]
[White "Delanoy, Arnaud"]
[Black "Parrella, Alfredo"]
[Result "0-1"]
[WhiteElo "2155"]
[BlackElo "2205"]
[PlyCount "72"]
[EventDate "1995.01.02"]

1. e4 e6 2. d4 d5 3. Nc3 Bb4 4. e5 c5 5. dxc5 Nc6 6. Nf3 Bxc5 7. Bd3 Nge7 8.
O-O Ng6 9. Re1 a6 10. Qe2 Qc7 11. Kh1 Bd7 12. Nd1 Nb4 13. a3 Nxd3 14. cxd3 Rc8
15. d4 Ba7 16. Nc3 O-O 17. Be3 h6 18. Qd2 Kh7 19. Qc2 Kg8 20. Rac1 Qd8 21. Qd2
Nh4 22. Nxh4 Qxh4 23. f4 f5 24. Rg1 Kh7 25. g3 Qh5 26. g4 fxg4 27. Qe2 g6 28.
Rg3 Qf5 29. Rcg1 Rg8 30. Rxg4 Rg7 31. Qf2 Bb5 32. Qh4 Rxc3 33. bxc3 Be2 34.
R4g3 Qe4+ 35. R1g2 Bf3 36. Bd2 Qb1+ 0-1

[Event "I Festival A"]
[Site "Verona ITA"]
[Date "1995.01.??"]
[Round "2"]
[White "Everet, Alexandro"]
[Black "Zlochevskij, Alexander"]
[Result "0-1"]
[WhiteElo "2105"]
[BlackElo "2485"]
[PlyCount "72"]
[EventDate "1995.01.02"]

1. e4 d5 2. exd5 Nf6 3. Nc3 Nxd5 4. Nxd5 Qxd5 5. Nf3 Bg4 6. Be2 e5 7. d3 Nc6 8.
O-O Bc5 9. a3 a5 10. Be3 O-O 11. Bxc5 Qxc5 12. Rc1 Rad8 13. Nd2 Be6 14. Bf3 Nd4
15. Re1 f6 16. Nb3 Nxb3 17. cxb3 Qb6 18. Rc3 c6 19. Qc2 Rd4 20. Qc1 Bxb3 21.
Kh1 Rfd8 22. Be4 Bd5 23. f4 Bxe4 24. dxe4 exf4 25. Qxf4 Qxb2 26. Rce3 Rd1 27.
h3 Qe5 28. Qg4 Rxe1+ 29. Rxe1 h6 30. Rb1 b5 31. Rf1 b4 32. axb4 axb4 33. Qe2
Kh8 34. Qc4 Qb5 35. Rc1 Rd1+ 36. Kh2 Qe5+ 0-1

[Event "I Festival A"]
[Site "Verona ITA"]
[Date "1995.01.??"]
[Round "2"]
[White "Luciani, Valerio"]
[Black "Loeffler, Markus"]
[Result "1/2-1/2"]
[WhiteElo "2175"]
[BlackElo "2320"]
[PlyCount "105"]
[EventDate "1995.01.02"]

1. Nf3 Nf6 2. g3 g6 3. Bg2 Bg7 4. O-O O-O 5. d4 d6 6. c4 c6 7. Nc3 Bf5 8. Nh4
Bd7 9. h3 Na6 10. e4 e5 11. dxe5 dxe5 12. Be3 Qe7 13. Qe2 Rfd8 14. Rfd1 h6 15.
a3 Nh7 16. Rab1 Ng5 17. Kh2 Nc5 18. Bxc5 Qxc5 19. b4 Qe7 20. Nf3 Nxf3+ 21. Bxf3
h5 22. Na4 b6 23. Rb3 Be6 24. Rbd3 Bf6 25. b5 cxb5 26. cxb5 Kg7 27. Rxd8 Rxd8
28. Rxd8 Qxd8 29. Nc3 Bxh3 30. Kxh3 Qc8+ 31. Kg2 Qxc3 32. a4 Be7 33. Qd1 Bc5
34. Be2 Qb4 35. Qc2 Qd4 36. Bd1 f6 37. Bf3 Kh6 38. Bd1 g5 39. Qe2 g4 40. Qc2
Kg6 41. Qe2 Kg5 42. Qc2 f5 43. exf5 Kf6 44. Qe2 Kxf5 45. Bc2+ e4 46. Kf1 Ke5
47. Kg2 Qd5 48. Kg1 Bd4 49. Bb1 Kf5 50. Kg2 Ke5 51. Kg1 Bc5 52. Bc2 Bb4 53. Bb1
1/2-1/2

[Event "I Festival A"]
[Site "Verona ITA"]
[Date "1995.01.??"]
[Round "2"]
[White "Medancic, Rikard"]
[Black "Di Lazzaro, Gabriele"]
[Result "1-0"]
[WhiteElo "2345"]
[BlackElo "2140"]
[PlyCount "110"]
[EventDate "1995.01.02"]

1. d4 g6 2. Bg5 Bg7 3. c3 d5 4. Nd2 c6 5. Ngf3 Nf6 6. e3 O-O 7. Bd3 Nbd7 8. O-O
Re8 9. e4 dxe4 10. Nxe4 Nxe4 11. Bxe4 Nf6 12. Bc2 Bg4 13. Bb3 Qa5 14. Bh4 Qh5
15. Bg3 Bxf3 16. Qxf3 Qxf3 17. gxf3 Nh5 18. Rfe1 Nxg3 19. hxg3 Rad8 20. Rad1 e6
21. Kg2 Rd7 22. d5 cxd5 23. Ba4 Red8 24. Bxd7 Rxd7 25. f4 h5 26. Re4 Re7 27.
Ra4 a6 28. f5 gxf5 29. Rh1 Rd7 30. Rah4 d4 31. cxd4 Bf6 32. Rf4 Bg5 33. Rf3
Rxd4 34. Rxh5 Bf6 35. b3 b5 36. Rh1 Kg7 37. Rc1 Rd2 38. a4 bxa4 39. bxa4 Ra2
40. Rc4 a5 41. g4 Be7 42. gxf5 exf5 43. Rxf5 Bb4 44. Rc7 Rxa4 45. Rcxf7+ Kg6
46. R7f6+ Kg7 47. Ra6 Ra2 48. Rb5 Re2 49. Rb7+ Kf8 50. Ra8+ Re8 51. Rxe8+ Kxe8
52. f4 Bd6 53. Kf3 a4 54. Ke4 Be7 55. f5 Kf7 1-0

[Event "I Festival A"]
[Site "Verona ITA"]
[Date "1995.01.??"]
[Round "2"]
[White "Naumkin, Igor"]
[Black "Leoncini, Mario"]
[Result "1-0"]
[WhiteElo "2500"]
[BlackElo "2185"]
[PlyCount "43"]
[EventDate "1995.01.02"]

1. d4 d5 2. c4 Nf6 3. cxd5 c6 4. dxc6 Nxc6 5. Nf3 e5 6. e3 Bg4 7. Nc3 exd4 8.
exd4 Bxf3 9. Qxf3 Nxd4 10. Qe3+ Be7 11. Bd3 O-O 12. O-O Ne6 13. Qh3 Nc5 14. Bc2
g6 15. Re1 Re8 16. Bg5 Nfd7 17. Be3 Ne6 18. Rad1 Qc8 19. Ba4 Rd8 20. Nd5 Re8
21. Bxd7 Qxd7 22. Nf6+ 1-0

[Event "I Festival A"]
[Site "Verona ITA"]
[Date "1995.01.??"]
[Round "2"]
[White "Perich, Stefano"]
[Black "Rossi, Giampiero"]
[Result "1/2-1/2"]
[WhiteElo "1971"]
[BlackElo "2145"]
[PlyCount "75"]
[EventDate "1995.01.02"]

1. e4 c5 2. Nf3 e6 3. d3 Nc6 4. g3 d6 5. Bg2 g6 6. O-O Bg7 7. c3 Nge7 8. Be3
O-O 9. Qd2 Re8 10. a4 b6 11. Na3 Bb7 12. Nc2 d5 13. Bh6 dxe4 14. dxe4 Qxd2 15.
Bxd2 Na5 16. Rfe1 Nb3 17. Ra3 Nxd2 18. Nxd2 Nc6 19. Nc4 Red8 20. Raa1 Rd7 21.
Rad1 Rad8 22. N2e3 Ne5 23. Nxe5 Bxe5 24. f4 Bg7 25. e5 Bxg2 26. Kxg2 Bf8 27.
Rxd7 Rxd7 28. Rd1 Rxd1 29. Nxd1 h5 30. Kf3 Be7 31. h3 Kf8 32. g4 hxg4+ 33. hxg4
Ke8 34. Ke4 Kd7 35. g5 Kc6 36. c4 a6 37. Nc3 Bd8 38. Kd3 1/2-1/2

[Event "I Festival A"]
[Site "Verona ITA"]
[Date "1995.01.??"]
[Round "2"]
[White "Popa, Florin"]
[Black "Pietralunga, Nicola"]
[Result "1-0"]
[WhiteElo "2060"]
[BlackElo "2045"]
[PlyCount "79"]
[EventDate "1995.01.02"]

1. e4 e6 2. d4 d5 3. Nd2 Nf6 4. e5 Nfd7 5. c3 c5 6. Bd3 Nc6 7. Ne2 cxd4 8. cxd4
f6 9. exf6 Nxf6 10. O-O Bd6 11. Nf3 O-O 12. Bg5 Bd7 13. a3 Rc8 14. Rc1 Kh8 15.
Bb1 e5 16. Rxc6 bxc6 17. dxe5 Be7 18. exf6 Bxf6 19. Qd3 g6 20. Bxf6+ Qxf6 21.
b4 a5 22. Ned4 axb4 23. axb4 Rb8 24. Qc3 Rb7 25. Qc5 Rfb8 26. b5 cxb5 27. Qxd5
b4 28. Ne5 Be8 29. Ba2 b3 30. Bxb3 Rxb3 31. Nxb3 Rb5 32. Nc5 Qe7 33. Ned3 Bf7
34. Qd4+ Kg8 35. Re1 Qc7 36. Nd7 Qa5 37. Nf6+ Kf8 38. Ng4 Be6 39. Qh8+ Ke7 40.
Qf6+ 1-0

[Event "I Festival A"]
[Site "Verona ITA"]
[Date "1995.01.??"]
[Round "3"]
[White "Coppini, Giorgio"]
[Black "Luciani, Valerio"]
[Result "1/2-1/2"]
[WhiteElo "2255"]
[BlackElo "2175"]
[PlyCount "29"]
[EventDate "1995.01.02"]

1. e4 e6 2. d3 d5 3. Nd2 Nf6 4. Ngf3 c5 5. g3 Nc6 6. Bg2 Be7 7. O-O O-O 8. e5
Nd7 9. Re1 Qc7 10. Qe2 b5 11. Nf1 a5 12. h4 Ba6 13. Bg5 Bxg5 14. hxg5 b4 15.
N1h2 1/2-1/2

[Event "I Festival A"]
[Site "Verona ITA"]
[Date "1995.01.??"]
[Round "3"]
[White "Dai Campi, Danilo"]
[Black "Farina, Saverio"]
[Result "0-1"]
[WhiteElo "1911"]
[BlackElo "2120"]
[PlyCount "96"]
[EventDate "1995.01.02"]

1. e4 e6 2. Nc3 d5 3. Nf3 c5 4. exd5 exd5 5. Bb5+ Nc6 6. Qe2+ Be7 7. d4 Nf6 8.
Ne5 O-O 9. Nxc6 bxc6 10. Bxc6 Rb8 11. dxc5 Bxc5 12. O-O Rb6 13. Bb5 Bg4 14. Qd3
Qb8 15. Ba4 Qe5 16. Bb3 Bd6 17. f4 Qh5 18. Re1 Bc5+ 19. Kh1 Bf5 20. Qg3 Ng4 21.
Nd1 Rg6 22. Bxd5 Nf2+ 23. Qxf2 Bxf2 24. Nxf2 Rh6 25. h3 Bxh3 26. Bf3 Bg4+ 27.
Kg1 Bxf3 28. gxf3 Qxf3 29. Re3 Rg6+ 30. Kf1 Qg2+ 31. Ke2 h5 32. Bd2 Re6 33. Rh1
Rxe3+ 34. Bxe3 g6 35. Bxa7 Ra8 36. Bd4 Ra4 37. Bc3 Rxa2 38. Rd1 Qa8 39. Bd4
Qa6+ 40. Kf3 Qc6+ 41. Kg3 Qxc2 42. Bc3 Ra8 43. Re1 Rc8 44. Ne4 Qd3+ 45. Kh4
Rxc3 46. bxc3 Qf3 47. Nf6+ Kg7 48. Ne8+ Kf8 0-1

[Event "I Festival A"]
[Site "Verona ITA"]
[Date "1995.01.??"]
[Round "3"]
[White "De Vita, Igor"]
[Black "Barberi, Alessandro"]
[Result "1-0"]
[WhiteElo "2140"]
[BlackElo "2032"]
[PlyCount "108"]
[EventDate "1995.01.02"]

1. e4 c5 2. Nf3 d6 3. Bb5+ Nc6 4. d4 cxd4 5. Qxd4 Bd7 6. Bxc6 Bxc6 7. Bg5 Nf6
8. Nc3 e6 9. O-O Be7 10. Rad1 Qc7 11. Nd2 b5 12. a4 a6 13. Rfe1 O-O 14. Nb3
Rfd8 15. a5 Rab8 16. f3 b4 17. Na2 Ba4 18. Nxb4 Qb7 19. Bd2 Bxb3 20. cxb3 d5
21. e5 Nd7 22. Nd3 Qxb3 23. Rc1 Rdc8 24. Rc3 Rxc3 25. Bxc3 Rc8 26. Ra1 Qb7 27.
Qg4 Qb5 28. Qa4 Qb7 29. Qg4 Rc4 30. Qg3 d4 31. Bd2 Qb3 32. f4 Rc2 33. Rd1 Rc3
34. bxc3 Qxd1+ 35. Qe1 Qxe1+ 36. Bxe1 dxc3 37. Bxc3 Nc5 38. Nb4 Kf8 39. Kf1 Ke8
40. Ke2 Kd7 41. Ke3 Kc7 42. g4 Kb7 43. Nd3 Nb3 44. f5 exf5 45. gxf5 Kc6 46. Ke4
Bd8 47. Nf4 Bxa5 48. Bxa5 Nxa5 49. Nh5 g6 50. Nf6 h5 51. fxg6 fxg6 52. Nh7 Nb7
53. Nf8 g5 54. Kf5 a5 1-0

[Event "I Festival A"]
[Site "Verona ITA"]
[Date "1995.01.??"]
[Round "3"]
[White "Di Lazzaro, Gabriele"]
[Black "Agnelli, Francesco"]
[Result "1-0"]
[WhiteElo "2140"]
[BlackElo "2012"]
[PlyCount "85"]
[EventDate "1995.01.02"]

1. Nf3 Nf6 2. g3 Nc6 3. d4 d6 4. Bg2 g6 5. b3 Bg7 6. Bb2 O-O 7. c4 Bf5 8. d5
Nb4 9. Nd4 Bd7 10. Qd2 c5 11. dxc6 Nxc6 12. Nc3 Qc8 13. h4 h5 14. Rc1 Re8 15.
Nd5 Ne5 16. Nf3 Neg4 17. Ng5 Bc6 18. O-O Qd8 19. f3 Bxd5 20. cxd5 Nh6 21. Bh3
a5 22. Rc4 Nd7 23. Bxg7 Kxg7 24. Rfc1 Qb6+ 25. Kg2 Ne5 26. Qc3 Kg8 27. Rc7 a4
28. Bc8 Qb5 29. Re1 Ra7 30. f4 axb3 31. axb3 Neg4 32. Bd7 Qb6 33. e4 Rf8 34.
Re2 Ra1 35. Nf3 Nf6 36. Ba4 Nhg4 37. Rxe7 Rd1 38. Qc2 Ra1 39. Qd2 Rc8 40. e5
Rcc1 41. exf6 Rg1+ 42. Kh3 Rh1+ 43. Nh2 1-0

[Event "I Festival A"]
[Site "Verona ITA"]
[Date "1995.01.??"]
[Round "3"]
[White "Garista, Eugenio"]
[Black "Everet, Alexandro"]
[Result "0-1"]
[WhiteElo "1932"]
[BlackElo "2105"]
[PlyCount "82"]
[EventDate "1995.01.02"]

1. e4 c5 2. Nf3 Nc6 3. d4 cxd4 4. Nxd4 e6 5. Nc3 a6 6. Be3 Bb4 7. Be2 Nge7 8.
O-O O-O 9. f4 Qa5 10. Nb3 Qc7 11. f5 f6 12. Rf3 Bxc3 13. bxc3 d5 14. fxe6 dxe4
15. Bf4 Ne5 16. Re3 Bxe6 17. Nd4 Bd5 18. Qf1 Kh8 19. c4 Bxc4 20. Rxe4 Bd5 21.
Re3 Qc5 22. c3 N7g6 23. Bg3 Rae8 24. Re1 Nc6 25. Bf2 Rxe3 26. Bxe3 Qxc3 27. Qf2
Re8 28. Nf5 Nb4 29. Bd4 Qd2 30. Be3 Qxa2 31. h4 Nc2 32. Rf1 Nxe3 33. Nxe3 Nxh4
34. Qxh4 Rxe3 35. Rxf6 Qxe2 36. Rf8+ Bg8 37. Qd8 Qe1+ 38. Kh2 Qg3+ 39. Kg1 Re1+
40. Rf1 Qe3+ 41. Kh2 Rxf1 0-1

[Event "I Festival A"]
[Site "Verona ITA"]
[Date "1995.01.??"]
[Round "3"]
[White "Leoncini, Mario"]
[Black "Popa, Florin"]
[Result "1/2-1/2"]
[WhiteElo "2185"]
[BlackElo "2060"]
[PlyCount "134"]
[EventDate "1995.01.02"]

1. e4 e5 2. Nf3 Nc6 3. Bb5 a6 4. Ba4 Nf6 5. Qe2 b5 6. Bb3 Be7 7. O-O O-O 8. a4
b4 9. d3 d6 10. h3 Na5 11. Ba2 Bd7 12. Nbd2 c5 13. Nc4 Nxc4 14. Bxc4 Ne8 15. c3
Nc7 16. d4 exd4 17. cxd4 Be6 18. Rd1 Bxc4 19. Qxc4 d5 20. exd5 Qxd5 21. Qxd5
Nxd5 22. dxc5 Rfd8 23. c6 Rac8 24. Nd4 Bf6 25. Be3 Nxe3 26. fxe3 Bxd4 27. exd4
Rxc6 28. Rac1 Rdc8 29. Rxc6 Rxc6 30. Rd2 Kf8 31. Kf2 Ke7 32. Ke3 Kd6 33. Kd3
Rc1 34. Re2 Ra1 35. Kc4 Rxa4 36. b3 Ra1 37. Kxb4 f6 38. Kc4 Rc1+ 39. Kd3 Ra1
40. Kc4 h5 41. h4 Ra5 42. b4 Ra4 43. Kb3 Ra1 44. Kb2 Rg1 45. Kc3 Kd5 46. Ra2
Rc1+ 47. Kd3 Rd1+ 48. Kc3 Rxd4 49. Ra5+ Ke4 50. Rxa6 Rd3+ 51. Kc4 Rd2 52. b5
Rxg2 53. b6 Rc2+ 54. Kb5 Rc8 55. b7 Rb8 56. Kb6 Kf4 57. Kc7 Rxb7+ 58. Kxb7 Kg3
59. Kc6 Kxh4 60. Kd7 Kg3 61. Ke6 g5 62. Kf5 g4 63. Rxf6 Kh3 64. Rh6 h4 65. Kg5
g3 66. Rxh4+ Kg2 67. Kf4 Kf2 1/2-1/2

[Event "I Festival A"]
[Site "Verona ITA"]
[Date "1995.01.??"]
[Round "3"]
[White "Loeffler, Markus"]
[Black "Bevilacqua, Maurizio"]
[Result "1-0"]
[WhiteElo "2320"]
[BlackElo "1974"]
[PlyCount "69"]
[EventDate "1995.01.02"]

1. e4 c5 2. Nf3 d6 3. d4 cxd4 4. Nxd4 Nf6 5. Nc3 e6 6. Be3 Be7 7. f3 Nc6 8. g4
a6 9. Qe2 Qa5 10. O-O-O O-O 11. h4 Nxd4 12. Bxd4 b5 13. Qf2 Nd7 14. Kb1 b4 15.
Ne2 Bb7 16. Nc1 Rfc8 17. g5 d5 18. e5 Qc7 19. Nd3 a5 20. f4 g6 21. h5 a4 22.
Rc1 Ba6 23. f5 gxf5 24. Qg3 Nc5 25. Bxc5 Bxc5 26. Nxc5 Qxc5 27. Bxa6 Rxa6 28.
g6 b3 29. cxb3 Qf8 30. Rxc8 Qxc8 31. bxa4 Rxa4 32. gxf7+ Kxf7 33. Qg5 Qg8 34.
Qf6+ Ke8 35. b3 1-0

[Event "I Festival A"]
[Site "Verona ITA"]
[Date "1995.01.??"]
[Round "3"]
[White "Parrella, Alfredo"]
[Black "Cvitan, Ognjen"]
[Result "0-1"]
[WhiteElo "2205"]
[BlackElo "2520"]
[PlyCount "90"]
[EventDate "1995.01.02"]

1. Nf3 Nf6 2. c4 g6 3. g3 Bg7 4. Bg2 d5 5. cxd5 Nxd5 6. Nc3 O-O 7. O-O Nc6 8.
Qb3 Nb6 9. a3 e5 10. d3 a5 11. Na4 Be6 12. Qc2 Nxa4 13. Qxa4 Qd7 14. Rd1 h6 15.
Be3 Rfd8 16. Nd2 Nd4 17. Qxd7 Rxd7 18. Bxd4 Rxd4 19. Ne4 Ra7 20. Nc5 Bc8 21.
Rac1 c6 22. Nb3 Rd8 23. Rc2 a4 24. Nd2 Be6 25. Rdc1 h5 26. Bf1 Bf8 27. h4 Kg7
28. Kh2 f5 29. e4 Kf6 30. Re1 Ra5 31. Be2 Rc5 32. Rec1 Rxc2 33. Rxc2 Bh6 34.
exf5 gxf5 35. Nc4 Rd5 36. Ne3 Rd4 37. Nc4 Bf7 38. Kg2 c5 39. Ne3 Bf8 40. Kf1 b5
41. Ke1 Be8 42. Rc3 Bf7 43. Nc2 Rd8 44. Ne3 f4 45. Nf1 b4 0-1

[Event "I Festival A"]
[Site "Verona ITA"]
[Date "1995.01.??"]
[Round "3"]
[White "Rossi, Giampiero"]
[Black "Delanoy, Arnaud"]
[Result "0-1"]
[WhiteElo "2145"]
[BlackElo "2155"]
[PlyCount "76"]
[EventDate "1995.01.02"]

1. d4 d5 2. c4 e6 3. Nc3 c5 4. cxd5 cxd4 5. Qxd4 Nc6 6. Qd2 exd5 7. Qxd5 Bd7 8.
Nf3 Nf6 9. Qd1 Bc5 10. e3 Qe7 11. Be2 O-O-O 12. O-O g5 13. Bd2 g4 14. Nh4 Rhg8
15. Qb1 Kb8 16. Rd1 Qe5 17. g3 Ka8 18. Na4 Bb4 19. Bc3 Bxc3 20. Nxc3 Nb4 21. a3
Nbd5 22. Nxd5 Nxd5 23. Qd3 Nf6 24. Qd4 Qe7 25. Qd6 Qxd6 26. Rxd6 Ne4 27. Rd4
Bc6 28. Rad1 Rxd4 29. Rxd4 h5 30. Bc4 Ng5 31. Bd5 a6 32. Bxc6 bxc6 33. Kg2 Rb8
34. Rd2 Rb5 35. Kf1 Rc5 36. b4 Rc1+ 37. Kg2 Ra1 38. Nf5 Nf3 0-1

[Event "I Festival A"]
[Site "Verona ITA"]
[Date "1995.01.??"]
[Round "4"]
[White "Agnelli, Francesco"]
[Black "Garista, Eugenio"]
[Result "0-1"]
[WhiteElo "2012"]
[BlackElo "1932"]
[PlyCount "79"]
[EventDate "1995.01.02"]

1. e4 c5 2. Nf3 Nc6 3. d4 cxd4 4. Nxd4 Nf6 5. Nc3 e5 6. Ndb5 d6 7. Bg5 a6 8.
Na3 b5 9. Nd5 Be7 10. Bxf6 Bxf6 11. c3 Bg5 12. Nc2 O-O 13. h4 Bh6 14. g4 Bf4
15. Qf3 Re8 16. Be2 Ne7 17. Nxf4 exf4 18. O-O-O Bb7 19. Qd3 Ng6 20. f3 Nxh4 21.
Qxd6 Qg5 22. Kb1 a5 23. Qb6 Reb8 24. Qf2 Ng6 25. Rh5 Qe7 26. Rxb5 Bc6 27. Rxb8+
Rxb8 28. Nd4 Qc5 29. Qe1 Ba4 30. Rc1 Ne5 31. Qd2 g5 32. Nf5 Qb6 33. c4 Bd7 34.
Qd4 Qc7 35. Qd6 Qxd6 36. Nxd6 h5 37. gxh5 g4 38. Rg1 Kh7 39. fxg4 f3 40. Nxf7
0-1

[Event "I Festival A"]
[Site "Verona ITA"]
[Date "1995.01.??"]
[Round "4"]
[White "Cecchetto, Vanni"]
[Black "Pietralunga, Nicola"]
[Result "0-1"]
[WhiteElo "1933"]
[BlackElo "2045"]
[PlyCount "66"]
[EventDate "1995.01.02"]

1. e4 e6 2. d4 d5 3. e5 c5 4. c3 Ne7 5. Nf3 Nec6 6. Be2 b6 7. O-O Ba6 8. a3
Bxe2 9. Qxe2 Be7 10. b4 O-O 11. Nbd2 Nd7 12. Nb3 c4 13. Nbd2 b5 14. a4 bxa4 15.
Rxa4 a5 16. bxa5 Rxa5 17. Rxa5 Qxa5 18. Nb1 Rb8 19. Bg5 Bxg5 20. Nxg5 h6 21.
Nh3 Qa1 22. Qc2 Rb2 23. Qc1 Na7 24. f4 Qa2 25. Nf2 Nb5 26. g4 Rc2 27. Qe3 Qb2
28. f5 Nxc3 29. fxe6 fxe6 30. Nxc3 Qxc3 31. Nd1 Qxe3+ 32. Nxe3 Re2 33. Nd1 Re4
0-1

[Event "I Festival A"]
[Site "Verona ITA"]
[Date "1995.01.??"]
[Round "4"]
[White "Cvitan, Ognjen"]
[Black "Loeffler, Markus"]
[Result "1-0"]
[WhiteElo "2520"]
[BlackElo "2320"]
[PlyCount "33"]
[EventDate "1995.01.02"]

1. d4 Nf6 2. Nf3 g6 3. c4 Bg7 4. g3 O-O 5. Bg2 d6 6. O-O c6 7. Nc3 Bf5 8. b3
Qd7 9. Bb2 Na6 10. Qd2 Bh3 11. e4 Bxg2 12. Kxg2 d5 13. Rfe1 dxe4 14. Nxe4 Rfd8
15. Neg5 Qc7 16. Qe3 h6 17. Nxf7 1-0

[Event "I Festival A"]
[Site "Verona ITA"]
[Date "1995.01.??"]
[Round "4"]
[White "De Vita, Igor"]
[Black "Coppini, Giorgio"]
[Result "0-1"]
[WhiteElo "2140"]
[BlackElo "2255"]
[PlyCount "42"]
[EventDate "1995.01.02"]

1. e4 d6 2. d4 Nf6 3. Nc3 g6 4. Nf3 Bg7 5. Bc4 O-O 6. Qe2 c6 7. Bb3 Bg4 8. h3
Bxf3 9. Qxf3 Nfd7 10. Be3 c5 11. Rd1 Qa5 12. O-O Nc6 13. Ne2 Qa6 14. dxc5 Nde5
15. Qg3 Qxe2 16. cxd6 exd6 17. Rd2 Qb5 18. f4 Nc4 19. a4 Qb4 20. Bxc4 Qxc4 21.
Rxd6 Qxe4 0-1

[Event "I Festival A"]
[Site "Verona ITA"]
[Date "1995.01.??"]
[Round "4"]
[White "Delanoy, Arnaud"]
[Black "Sulava, Nenad"]
[Result "0-1"]
[WhiteElo "2155"]
[BlackElo "2420"]
[PlyCount "54"]
[EventDate "1995.01.02"]

1. e4 e6 2. d4 d5 3. exd5 exd5 4. Nf3 Nf6 5. Bd3 Be7 6. O-O O-O 7. Re1 Bg4 8.
h3 Bh5 9. Nbd2 Nc6 10. c3 Bd6 11. Nf1 Re8 12. g4 Rxe1 13. Qxe1 Bg6 14. Bxg6
hxg6 15. Bg5 Qd7 16. Bxf6 gxf6 17. Qd2 Kg7 18. Ne3 Rh8 19. Kg2 Nd8 20. Nxd5 Ne6
21. Rh1 Qc6 22. c4 Qxc4 23. Nc3 Nf4+ 24. Kg1 Nxh3+ 25. Kg2 Nf4+ 26. Kg1 Rxh1+
27. Kxh1 Qf1+ 0-1

[Event "I Festival A"]
[Site "Verona ITA"]
[Date "1995.01.??"]
[Round "4"]
[White "Everet, Alexandro"]
[Black "Di Lazzaro, Gabriele"]
[Result "0-1"]
[WhiteElo "2105"]
[BlackElo "2140"]
[PlyCount "98"]
[EventDate "1995.01.02"]

1. e4 g6 2. Nf3 Bg7 3. d4 d6 4. Bc4 c6 5. O-O Nf6 6. Re1 O-O 7. c3 Nxe4 8. Rxe4
d5 9. Bxd5 cxd5 10. Re1 Nc6 11. Bf4 f6 12. h3 g5 13. Bg3 g4 14. hxg4 Bxg4 15.
Nbd2 e5 16. Qb3 Na5 17. Qb4 e4 18. Nh2 Bh5 19. c4 Nc6 20. Qc5 f5 21. Qxd5+ Qxd5
22. cxd5 Nxd4 23. Rab1 Ne2+ 24. Kf1 Nxg3+ 25. fxg3 Rad8 26. Kg1 Rxd5 27. Nb3
Be5 28. Nf1 Bc7 29. Rec1 Bb6+ 30. Kh2 Bg4 31. Rc2 e3 32. Re1 e2 33. Rcxe2 Bxe2
34. Rxe2 Rf6 35. g4 fxg4 36. Nfd2 Kf7 37. Nc4 Bc7+ 38. g3 Rf3 39. Nbd2 Rh5+ 40.
Kg1 Rxg3+ 41. Kf2 Rh2+ 42. Ke1 Rg1+ 43. Nf1 Rxe2+ 44. Kxe2 Rg2+ 45. Ke3 h5 46.
Kd3 b5 47. Nce3 Rxb2 48. Nd5 g3 49. Nxc7 g2 0-1

[Event "I Festival A"]
[Site "Verona ITA"]
[Date "1995.01.??"]
[Round "4"]
[White "Leoncini, Mario"]
[Black "Parrella, Alfredo"]
[Result "1-0"]
[WhiteElo "2185"]
[BlackElo "2205"]
[PlyCount "81"]
[EventDate "1995.01.02"]

1. e4 e6 2. d4 d5 3. Nc3 Bb4 4. e5 c5 5. a3 Bxc3+ 6. bxc3 Ne7 7. Qg4 O-O 8. Bd3
f5 9. exf6 Rxf6 10. Bg5 Rf7 11. Qh4 h6 12. Bd2 Qc7 13. Nf3 c4 14. Be2 Nf5 15.
Qh5 Nc6 16. g4 Nfe7 17. Rg1 Bd7 18. Be3 Raf8 19. Rg3 Qd8 20. Ne5 Nxe5 21. dxe5
b6 22. Kd2 g5 23. Rh3 Rh7 24. Bxg5 Qe8 25. Qxe8 Bxe8 26. Bxe7 Rxe7 27. Rxh6
Rxf2 28. Ke3 Rff7 29. Rh1 Bc6 30. Rf1 Rh7 31. Rg6+ Rhg7 32. Rxg7+ Rxg7 33. h4
Rh7 34. h5 Be8 35. Rf6 Bf7 36. Kf4 Kg7 37. Kg5 Kf8 38. Kh4 Ke7 39. g5 Bg8 40.
g6 Rh8 41. Kg5 1-0

[Event "I Festival A"]
[Site "Verona ITA"]
[Date "1995.01.??"]
[Round "4"]
[White "Medancic, Rikard"]
[Black "Farina, Saverio"]
[Result "1-0"]
[WhiteElo "2345"]
[BlackElo "2120"]
[PlyCount "117"]
[EventDate "1995.01.02"]

1. d4 d5 2. Bg5 h6 3. Bh4 c5 4. c3 Nc6 5. Nf3 Nf6 6. Bxf6 exf6 7. e3 Bd6 8. g3
O-O 9. Bg2 Be6 10. Nbd2 cxd4 11. cxd4 Qe7 12. O-O Rac8 13. Nb1 Rfd8 14. Nc3 Bb8
15. Ne1 b6 16. Nd3 Qd7 17. Rc1 Bh3 18. Bxh3 Qxh3 19. Qf3 Ne7 20. Rfd1 Qe6 21.
Rc2 Kf8 22. Rdc1 Bd6 23. Kg2 g6 24. h4 Kg7 25. Nb5 Bb8 26. Nb4 Rxc2 27. Rxc2
Rd7 28. Na6 Bd6 29. Nac7 Bxc7 30. Nxc7 Qf5 31. Ne8+ Kf8 32. Qxf5 Nxf5 33. Nxf6
Rd8 34. Rc7 Kg7 35. Nd7 Nd6 36. Ne5 a5 37. b3 h5 38. a4 Kg8 39. Nd7 Nc8 40. Kf3
Nd6 41. Nxb6 Rb8 42. Rc6 Ne4 43. Nxd5 Nd2+ 44. Ke2 Nxb3 45. Rb6 Nc1+ 46. Kd1
Rxb6 47. Nxb6 Nd3 48. Ke2 Nb4 49. Nc4 Nd5 50. Kd3 Kf8 51. e4 Nb4+ 52. Kd2 f5
53. exf5 gxf5 54. Nxa5 Ke7 55. Nc4 Ke6 56. Ne3 Na6 57. Kc3 Nb8 58. a5 Na6 59.
Kc4 1-0